书目信息 |
| 题名: |
吹牛大王历险记
|
|
| 作者: | 拉斯伯 原著 | |
| 分册: | ||
| 出版信息: | 广州 世界图书出版公司 2009.10 |
|
| 页数: | 201页 | |
| 开本: | 23cm | |
| 丛书名: | 青少年必读丛书 | |
| 单 册: | ||
| 中图分类: | I516.85 | |
| 科图分类: | ||
| 主题词: | 儿童文学--故事--德国--近代--缩写本 | |
| 电子资源: | ||
| ISBN: | 978-7-5100-1070-5 | |
| 000 | 00699oam2 2200241 450 | |
| 001 | 2349020338 | |
| 005 | 20231215161741.72 | |
| 010 | @a978-7-5100-1070-5@dCNY 38.80 | |
| 100 | @a20111009d2009 em y0chiy0110 ea | |
| 101 | 1 | @achi@cger |
| 102 | @aCN@b440000 | |
| 105 | @aa z 000fy | |
| 200 | 1 | @a吹牛大王历险记@Achui niu da wang li xian ji@f(德)埃·拉斯伯原著 |
| 205 | @a2版 | |
| 210 | @a广州@c世界图书出版公司@d2009.10 | |
| 215 | @a201页@c图@d23cm | |
| 225 | 2 | @a青少年必读丛书 |
| 410 | 0 | @12001 @a青少年必读丛书 |
| 606 | 0 | @a儿童文学@x故事@y德国@z近代@j缩写本 |
| 690 | @aI516.85@v5 | |
| 701 | 0 | @a拉斯伯@Ala si bo@4原著 |
| 801 | 2 | @aCN@b辽宁北配@c20231205 |
| 905 | @aZUCC@dI516.85@e2=2 | |
| 吹牛大王历险记/(德)埃·拉斯伯原著.-2版.-广州:世界图书出版公司,2009.10 |
| 201页:图;23cm.-(青少年必读丛书) |
| ISBN 978-7-5100-1070-5:CNY 38.80 |
| ● |
| 相关链接 |
|
|
|
正题名:吹牛大王历险记
索取号:I516.85/2=2
 
预约/预借
| 序号 | 登录号 | 条形码 | 馆藏地/架位号 | 状态 | 备注 |
| 1 | 2001204517 | 2001204517 | 320书库/ [索取号:I516.85/2=2] | 在馆 | |
| 2 | 2001204518 | 2001204518 | 320书库/ [索取号:I516.85/2=2] | 在馆 | |
| 3 | 2001204519 | 2001204519 | 320书库/ [索取号:I516.85/2=2] | 在馆 | |
| 4 | 2001204520 | 2001204520 | 320书库/ [索取号:I516.85/2=2] | 在馆 | |
| 5 | 2001204521 | 2001204521 | 320书库/ [索取号:I516.85/2=2] | 在馆 | |
| 6 | 2001204522 | 2001204522 | 320书库/ [索取号:I516.85/2=2] | 在馆 | |
| 7 | 2001204523 | 2001204523 | 320书库/ [索取号:I516.85/2=2] | 在馆 | |
| 8 | 2001204524 | 2001204524 | 320书库/ [索取号:I516.85/2=2] | 在馆 | |
| 9 | 2001204525 | 2001204525 | 320书库/ [索取号:I516.85/2=2] | 在馆 | |
| 10 | 2001204526 | 2001204526 | 320书库/ [索取号:I516.85/2=2] | 在馆 | |
| 11 | 2001204527 | 2001204527 | 320书库/ [索取号:I516.85/2=2] | 在馆 | |
| 12 | 2001204528 | 2001204528 | 320书库/ [索取号:I516.85/2=2] | 在馆 | |
| 13 | 2001204529 | 2001204529 | 320书库/ [索取号:I516.85/2=2] | 在馆 | |
| 14 | 2001204530 | 2001204530 | 320书库/ [索取号:I516.85/2=2] | 在馆 | |
| 15 | 2001204531 | 2001204531 | 320书库/ [索取号:I516.85/2=2] | 在馆 | |
| 16 | 2001204532 | 2001204532 | 320书库/ [索取号:I516.85/2=2] | 在馆 | |
| 17 | 2001204533 | 2001204533 | 320书库/ [索取号:I516.85/2=2] | 在馆 | |
| 18 | 2001204534 | 2001204534 | 320书库/ [索取号:I516.85/2=2] | 在馆 | |
| 19 | 2001204535 | 2001204535 | 320书库/ [索取号:I516.85/2=2] | 在馆 | |
| 20 | 2001204536 | 2001204536 | 320书库/ [索取号:I516.85/2=2] | 在馆 | |
| 21 | 2001204537 | 2001204537 | 320书库/ [索取号:I516.85/2=2] | 在馆 | |
| 22 | 2001204538 | 2001204538 | 320书库/ [索取号:I516.85/2=2] | 在馆 | |
| 23 | 2001204539 | 2001204539 | 320书库/ [索取号:I516.85/2=2] | 在馆 | |
| 24 | 2001204540 | 2001204540 | 320书库/ [索取号:I516.85/2=2] | 在馆 | |
| 25 | 2001204541 | 2001204541 | 315书库/ [索取号:I516.85/2=2] | 在馆 | |
| 26 | 2001204542 | 2001204542 | 315书库/ [索取号:I516.85/2=2] | 在馆 | |
| 27 | 2001204543 | 2001204543 | 315书库/ [索取号:I516.85/2=2] | 在馆 | |
| 28 | 2001204544 | 2001204544 | 315书库/ [索取号:I516.85/2=2] | 在馆 | |
| 29 | 2001204545 | 2001204545 | 315书库/ [索取号:I516.85/2=2] | 在馆 | |
| 30 | 2001204546 | 2001204546 | 315书库/ [索取号:I516.85/2=2] | 在馆 |